000 01394ntm a2200253 4500
001 34538
003 BD-RjUL
005 20211209052156.0
008 140518s2012 bg ||||| mb|| 00| 0 ben d
035 _a(BD-RjUL)34632
040 _aBD-RjUL
_bben
_cBD-RjUL
_dBD-RjUL
041 _aben
082 _221
_a297.5622
_bHOI 2012
100 _aহোসেন (২), মো. আলতাফ .
_974802
245 _aইসলামী সমাজ চিন্তায় ন্যায়পরতা :
_bএকটি বিশ্লেষণ /
_cমো. আলতাফ হোসেন (২) ;
_6তত্ত্বাবধায়ক : মো. আক্তার আলী.
260 _aরাজশাহী :
_bদর্শন বিভাগ, রাজশাহী বিশ্ববিদ্যালয়,
_c২০১২
300 _axii, ৩৫১ পাতা ;
_c২৯ সেসি.
502 _aথিসিস (পিএইচ. ডি.)--দর্শন বিভাগ, রাজশাহী বিশ্ববিদ্যালয়, ২০১২.
504 _aগ্রন্থপঞ্জি: পাতা [৩৪০] -৩৫১
650 _aন্যায়পরতা (দর্শন )
_9105054
650 _aJustice (Philosophy)
_985433
700 _aআলী, মো. আক্তার, তত্ত্বাবধায়ক .
_9104279
942 _2ddc
_cTHE
999 _c34538
_d34538